| 000 | 01205nam a2200277 i 4500 | ||
|---|---|---|---|
| 001 | 29053 | ||
| 003 | ES-MaACL | ||
| 005 | 20250821153131.0 | ||
| 007 | t| | ||
| 008 | 030120s1878 sp ||||1| spa d | ||
| 080 | _a821.134.1-23"18" | ||
| 100 | 1 |
_aBalaguer, Víctor, _d1824-1901 _924806 |
|
| 245 | 1 | 0 |
_aTrajedias / _csu autor en verso catalán, Víctor Balaguer ; sus traductores en verso castellano, Núñez de Arce, Ruiz Aguilera, Retes ... [et al.]. |
| 250 | _a2ª ed. | ||
| 260 |
_aMadrid : _b[s.n.], _c1878 ( _fFortanet) |
||
| 300 |
_a484 p. ; _c18 cm. |
||
| 505 | 8 | _aContiene: La muerte de Aníbal ; Coriolano ; La sombra de César ; La fiesta de Tibúlo ; La muerte de Nerón ; Saffo ; La trajedia de Llivia ; La última hora de Colón | |
| 546 | _aTextos en catalán y traducción en castellano. | ||
| 700 | 1 |
_aNúñez de Arce, Gaspar, _d1834-1903 _9223411 |
|
| 700 |
_aRuiz Aguilera, Ventura, _d1820-1881 _9188456 |
||
| 700 | 1 |
_aRetes, Francisco Luis de, _d1822-1901 _9131729 |
|
| 852 |
_aES-MaACL _jG-14278 |
||
| 852 |
_aES-MaACL _jD-3093 _930153 _zFalta: recuento 1986, encontrado enero 2024 _hLegado M. de la Fuente |
||
| 942 | _2udc | ||
| 999 |
_c29053 _d29053 |
||